[Event "1st 3-0 Thu 27th Nov 2025"]
[Site "chess.com INT"]
[Date "2025.11.27"]
[Round "11"]
[White "Nakamura,Hi"]
[Black "Erigaisi,Arjun"]
[Result "0-1"]
[WhiteElo "2813"]
[BlackElo "2769"]

1.Nf3 Nf6 2.d4 e6 3.e3 b6 4.Bd3 Bb7 5.O-O d5 6.b3 Bd6 7.Bb2 O-O 8.Nbd2 c5
9.c4 Nc6 10.dxc5 Bxc5 11.a3 Rc8 12.b4 Be7 13.Rc1 a5 14.b5 Nb8 15.cxd5 Qxd5
16.Nc4 Nbd7 17.e4 Qxb5 18.Nd4 Qh5 19.f3 Rfd8 20.Qe2 Ba6 21.Ne3 Bxd3 22.Qxd3 Bc5
23.Qe2 Ne5 24.Nb3 Nd3 25.Rb1 Nf4 26.Qe1 Bxe3+ 27.Qxe3 Qg5  0-1

[Event "2nd 3-0 Thu 27th Nov 2025"]
[Site "chess.com INT"]
[Date "2025.11.27"]
[Round "11"]
[White "Sarana,A"]
[Black "Nakamura,Hi"]
[Result "0-1"]
[WhiteElo "2675"]
[BlackElo "2813"]

1.d4 Nf6 2.c4 b6 3.f3 Nc6 4.d5 Ne5 5.e4 Ng6 6.Nc3 e5 7.h4 h6 8.h5 Ne7 9.Nge2 Neg8
10.a3 a5 11.g3 Bc5 12.Na4 d6 13.Nxc5 bxc5 14.g4 Ne7 15.Ng3 Bd7 16.Nf5 Nxf5
17.gxf5 a4 18.Bd3 O-O 19.Kf2 Kh8 20.Bc2 c6 21.dxc6 Bxc6 22.Bd2 Qe7 23.Bc3 Nh7
24.Qd2 Rfd8 25.Rad1 Ng5 26.Qe3 f6 27.Rd2 Nf7 28.Ke1 Rd7 29.Kd1 Nd8 30.Rg1 Rb7
31.Rdg2 Qf8 32.Kc1 Be8 33.f4 Nc6 34.fxe5 dxe5 35.Kb1 Nd4 36.Ka1 Bf7 37.Bd3 Bg8
38.Rg6 Rd8 39.Kb1 Rbd7 40.Bf1 Nb3 41.Be2 Nd4 42.Bf1 Bh7 43.R6g2 Qd6 44.Ka2 Qc6
45.Qe1 Qb6 46.Qd1 Qb3+ 47.Qxb3 axb3+ 48.Kb1 Nxf5 49.Be2 Nd6 50.Kc1 Nxe4 51.Ba5 Ra8
52.Be1 Ng5 53.Rg3 Bc2 54.Bd2 Ne4 55.Be3 Nxg3 56.Rxg3 Rad8 57.Rg1 Bd3 58.Bg4 f5
59.Bf3 Be4 60.Be2 f4 61.Bxc5 Bd3 62.Bg4 Rc7 63.Bb4 Rxc4+ 64.Bc3 e4 65.Be6 Rxc3+
66.bxc3 f3 67.Bh3 f2 68.Rg3 f1=Q+ 69.Bxf1 Bxf1 70.Re3 Rb8 71.Kb2 Bd3 72.a4 g6
73.hxg6 Kg7 74.Rg3 h5 75.Rg5 h4 76.Rh5 Rh8 77.Rxh8 Kxh8 78.Kxb3 h3 79.c4 h2
80.c5 h1=Q 81.c6 Qc1 82.Kb4 Qxc6 83.Ka5 Qxa4+ 84.Kxa4 e3 85.Kb3 e2 86.Kc3 e1=Q+
87.Kd4 Bxg6 88.Kd5 Qc3 89.Kd6 Qd4+ 90.Ke7 Qe5+ 91.Kf8 Qf6+  0-1

[Event "Titled Tue 2nd Dec 2025"]
[Site "chess.com INT"]
[Date "2025.12.02"]
[Round "1"]
[White "Ozates,Tuna"]
[Black "Nakamura,Hi"]
[Result "0-1"]
[WhiteElo "2202"]
[BlackElo "2813"]

1.e4 g6 2.d4 Bg7 3.Nf3 a6 4.a4 d6 5.Be2 Nf6 6.Nc3 O-O 7.O-O Nc6 8.d5 Nb4
9.h3 a5 10.Re1 c6 11.Bg5 h6 12.Bf4 Nd7 13.Bf1 Nc5 14.Qd2 Kh7 15.Rad1 Bd7
16.dxc6 Bxc6 17.Nd4 Bxd4 18.Qxd4 Nxc2 19.Qd2 Nxe1 20.Bxh6 Rh8 21.Rxe1 Nxa4
22.Bc4 Nxc3 23.bxc3 e6 24.Bg5 f6 25.Bf4 e5 26.Bg3 a4 27.f4 a3 28.Ba2 Kg7
29.Qd3 Qe7 30.Rf1 Raf8 31.f5 g5 32.h4 g4 33.Qe2 Rh7 34.Qxg4+ Kh8 35.Be6 Qg7
36.Qf3 Bxe4 37.Qxe4 Qxg3 38.Rb1 Qxh4 39.Qd3 Qh6 40.Re1 Qh4 41.Rb1 Rd8 42.Bd5 a2
43.Bxa2 d5 44.Bxd5 Rdd7 45.c4 Qf4 46.Ra1 Rd8 47.Rb1 b5 48.Rxb5 Qh2+ 49.Kf2 e4
50.Qg3 Qh4  0-1

[Event "Titled Tue 2nd Dec 2025"]
[Site "chess.com INT"]
[Date "2025.12.02"]
[Round "2"]
[White "Nakamura,Hi"]
[Black "Msellek,I"]
[Result "1-0"]
[WhiteElo "2813"]
[BlackElo "2406"]

1.Nf3 Nf6 2.d4 d6 3.c4 g6 4.g3 Bg7 5.Bg2 O-O 6.O-O c6 7.Nc3 a6 8.b3 b5 9.Nd2 Nfd7
10.e3 b4 11.Ne2 a5 12.a3 Bb7 13.Bb2 Na6 14.Qc2 bxa3 15.Rxa3 Nb4 16.Qb1 e5
17.Rd1 f5 18.c5 Ba6 19.Bf1 Bd3 20.Qc1 dxc5 21.dxe5 Qe7 22.f4 Nb6 23.Nc3 c4
24.Nxc4 Nxc4 25.bxc4 Rfd8 26.Bxd3 Nxd3 27.Rxd3 Rxd3 28.Nd5 Rxd5 29.cxd5 cxd5
30.Qc6 Qd8 31.Rd3 Rc8 32.Qxd5+ Qxd5 33.Rxd5 Rc2 34.Bd4 a4 35.Ra5 Kf7 36.e6+  1-0

[Event "Titled Tue 2nd Dec 2025"]
[Site "chess.com INT"]
[Date "2025.12.02"]
[Round "3"]
[White "Navara,D"]
[Black "Nakamura,Hi"]
[Result "0-1"]
[WhiteElo "2648"]
[BlackElo "2813"]

1.d4 Nf6 2.c4 e6 3.Nf3 Bb4+ 4.Bd2 c5 5.Bxb4 cxb4 6.g3 a5 7.Bg2 d6 8.O-O O-O
9.a3 Na6 10.Nbd2 Qe7 11.Ne1 e5 12.e3 Bg4 13.Bf3 Bh3 14.Bg2 Bg4 15.Bf3 Bf5
16.Nc2 e4 17.Bg2 h5 18.axb4 axb4 19.Ra5 g6 20.Qa1 d5 21.c5 Rab8 22.Qa4 h4
23.Nxb4 Nxb4 24.Qxb4 b6 25.Ra6 h3 26.Bh1 bxc5 27.Qxc5 Qxc5 28.dxc5 Rxb2 29.Nf3 exf3
30.Rxf6 Bd3 31.Bxf3 Bxf1 32.Kxf1 Ra8 33.Bd1 Ra1 34.Ke1 Rbb1 35.c6 Rxd1+ 36.Ke2 Rdc1
37.Kf3 Ra6  0-1

[Event "Titled Tue 2nd Dec 2025"]
[Site "chess.com INT"]
[Date "2025.12.02"]
[Round "4"]
[White "Nakamura,Hi"]
[Black "Esipenko,Andrey"]
[Result "1-0"]
[WhiteElo "2813"]
[BlackElo "2681"]

1.Nf3 d5 2.d4 Nf6 3.e3 e6 4.b3 Be7 5.Bb2 O-O 6.Bd3 b6 7.O-O Bb7 8.Nbd2 Nbd7
9.c4 c5 10.Rc1 Rc8 11.Qe2 cxd4 12.Nxd4 Nc5 13.Bb1 Rc7 14.Nb5 Rd7 15.Nf3 dxc4
16.Rxc4 Qa8 17.b4 a6 18.Bxf6 Bxf6 19.bxc5 axb5 20.Rf4 e5 21.Rxf6 gxf6 22.Nxe5 fxe5
23.Qg4+ Kh8 24.Qxd7 Bxg2 25.Qf5 Kg7 26.Rd1 Qf3 27.Qxh7+ Kf6 28.Qh6+  1-0

[Event "Titled Tue 2nd Dec 2025"]
[Site "chess.com INT"]
[Date "2025.12.02"]
[Round "5"]
[White "Sevian,Samuel"]
[Black "Nakamura,Hi"]
[Result "1/2-1/2"]
[WhiteElo "2701"]
[BlackElo "2813"]

1.e4 c6 2.d4 d5 3.e5 Bf5 4.Nf3 e6 5.a3 Ne7 6.Be2 h6 7.O-O Nd7 8.Re1 g5 9.Nbd2 Bg7
10.Nf1 Bg6 11.Ng3 Nf5 12.Nxf5 Bxf5 13.Bd3 Nf8 14.a4 Bxd3 15.Qxd3 Ng6 16.h3 O-O
17.Bd2 f5 18.exf6 Qxf6 19.Re2 Rae8 20.Rae1 b6 21.c4 Rf7 22.b4 Nf8 23.b5 dxc4
24.Qxc4 cxb5 25.axb5 Qf5 26.Bb4 Ng6 27.Bd6 g4 28.hxg4 Qxg4 29.Rxe6 Rxe6 30.Qxe6 Qxe6
31.Rxe6 Rf6 32.Rxf6 Bxf6 33.Bb8 Ne7 34.Bxa7 Nd5 35.Kf1 Bd8 36.Ne5 Nc3 37.Bb8 Kf8
38.Nc6 Ke8 39.Nxd8 Kxd8 40.g4 Nxb5 41.Bf4 Nxd4 42.Bxh6 b5 43.Bd2 Nf3 44.Ba5+ Kd7
45.Ke2 Ne5 46.f3 Nc6 47.Bc3 b4 48.Bb2 Ke6 49.Ke3 Kd5 50.f4 Na5 51.Bh8 b3
52.Kd3 Nc4 53.g5 b2 54.Kc2 Ke4 55.g6 Ne3+ 56.Kxb2 Nf5 57.Be5 Ne7 58.g7 Kf5
59.Kc3 Ke6 60.Kd4 Kf7 61.Ke4 Ng6 62.f5 Ne7 63.Kf4 Nd5+ 64.Kg5 Ne7 65.f6 Nc6
66.Kh6 Kg8 67.Bc3 Nd8 68.Bd2 Nf7+ 69.Kg6 Ne5+ 70.Kf5 Nf7 71.Bf4 Nd8 72.Bb8 Kf7
73.Bc7 Nc6 74.Be5 Nd8 75.Kg5 Kg8 76.Kg6 Nf7 77.Bf4 Ne5+ 78.Bxe5  1/2-1/2

[Event "Titled Tue 2nd Dec 2025"]
[Site "chess.com INT"]
[Date "2025.12.02"]
[Round "6"]
[White "Nakamura,Hi"]
[Black "Movahed,Sina"]
[Result "1-0"]
[WhiteElo "2813"]
[BlackElo "2596"]

1.Nf3 Nf6 2.d4 g6 3.c4 d6 4.Nc3 Bf5 5.Ng5 Bd7 6.e4 e5 7.d5 Na6 8.Be2 h6 9.Nf3 Nc5
10.Qc2 a5 11.h3 Bg7 12.Be3 b6 13.Nd2 h5 14.b3 Bh6 15.Bxh6 Rxh6 16.h4 Kf8
17.Nf1 Kg7 18.f3 c6 19.Ne3 cxd5 20.cxd5 Rc8 21.Qd2 Rh8 22.Rc1 Rb8 23.Bb5 Qe8
24.Qe2 Rc8 25.O-O Qe7 26.Bxd7 Ncxd7 27.Nb5 Nc5 28.Nc4 Ne8 29.g3 Rb8 30.f4 exf4
31.Rxf4 Nd7 32.Rcf1 Rf8 33.Nd4 Rc8 34.Nc6 Rxc6 35.dxc6 Ne5 36.Nxe5 dxe5 37.R4f3 Nc7
38.Qf2 Ne6 39.Qxb6 Nd4 40.R3f2 Qe6 41.Qxa5 Kg8 42.c7 Qg4 43.Qxe5 Ne2+ 44.Kh2 f5
45.exf5 gxf5  1-0

[Event "Titled Tue 2nd Dec 2025"]
[Site "chess.com INT"]
[Date "2025.12.02"]
[Round "7"]
[White "Pranav,V"]
[Black "Nakamura,Hi"]
[Result "1/2-1/2"]
[WhiteElo "2641"]
[BlackElo "2813"]

1.e4 c6 2.d4 d5 3.Nc3 dxe4 4.Nxe4 Nf6 5.Nxf6+ gxf6 6.Nf3 Bf5 7.g3 e6 8.Bg2 Qa5+
9.c3 Qa6 10.Bf1 Qa5 11.Bg2 Qa6 12.Bf1 Qa5 13.Bg2  1/2-1/2

[Event "Titled Tue 2nd Dec 2025"]
[Site "chess.com INT"]
[Date "2025.12.02"]
[Round "8"]
[White "Nakamura,Hi"]
[Black "Duda,J"]
[Result "1-0"]
[WhiteElo "2813"]
[BlackElo "2729"]

1.Nf3 Nf6 2.d4 d5 3.e3 e6 4.b3 c5 5.Bb2 cxd4 6.Nxd4 Bd7 7.Nd2 Nc6 8.N4f3 Be7
9.c4 O-O 10.a3 a5 11.Bd3 Rc8 12.O-O h6 13.Rc1 Rc7 14.Bb1 dxc4 15.Nxc4 b5
16.Nd6 b4 17.Qd3 g6 18.a4 Be8 19.Nb5 Rd7 20.Qe2 Qb6 21.Rc4 Nd5 22.Rfc1 Rd8
23.g3 Bf6 24.e4 Nc3 25.Nxc3 bxc3 26.Bxc3 Bxc3 27.R1xc3 Nd4 28.Nxd4 Rxd4 29.Kg2 Bxa4
30.Qe3 Rxc4 31.Qxb6 Rxc3 32.bxa4 Rd8 33.Qxd8+  1-0

[Event "Titled Tue 2nd Dec 2025"]
[Site "chess.com INT"]
[Date "2025.12.02"]
[Round "9"]
[White "Nakamura,Hi"]
[Black "Carlsen,M"]
[Result "0-1"]
[WhiteElo "2813"]
[BlackElo "2839"]

1.e4 c5 2.Nf3 d6 3.d4 cxd4 4.Nxd4 Nf6 5.Nc3 a6 6.Bg5 e6 7.f4 Qb6 8.Qd2 Qxb2
9.Rb1 Qa3 10.Be2 Nc6 11.Nxc6 bxc6 12.O-O Be7 13.f5 exf5 14.exf5 O-O 15.Be3 d5
16.Rb3 Qa5 17.Kh1 Bb4 18.a3 Bxc3 19.Qxc3 Qxc3 20.Rxc3 Re8 21.Bd1 Bd7 22.Bg1 Ne4
23.Re3 Nd2 24.Rfe1 Rxe3 25.Rxe3 Bxf5 26.Re7 Nc4 27.Rc7 Rc8 28.Rxc8+ Bxc8
29.Bc5 Bf5 30.Be2 Bxc2 31.Bxc4 dxc4 32.Kg1 f6 33.Kf2 Be4 34.Bd4 Kf7 35.Bc3 g5
36.g3 Ke6 37.Ke3 Bd3 38.Bb2 f5 39.Bc3 h5 40.Bb2 Be4 41.Bc3 Bd5 42.Ba5 f4+
43.gxf4 g4 44.Be1 Kf5 45.Bg3 c5 46.Be1 c3 47.Bxc3 h4 48.Kf2 Kxf4 49.Bd2+ Kf5
50.Bg5 Kxg5  0-1

[Event "Titled Tue 2nd Dec 2025"]
[Site "chess.com INT"]
[Date "2025.12.02"]
[Round "10"]
[White "Shimanov,A"]
[Black "Nakamura,Hi"]
[Result "0-1"]
[WhiteElo "2578"]
[BlackElo "2813"]

1.e4 c5 2.d4 cxd4 3.Qxd4 Nc6 4.Qd3 e6 5.Nc3 a6 6.Bf4 b5 7.O-O-O Bb7 8.Nf3 Rc8
9.Kb1 Nf6 10.Bg5 h6 11.Bxf6 gxf6 12.Nd4 Nxd4 13.Qxd4 Bc5 14.Qd2 Bb4 15.f3 Qc7
16.a3 Bxc3 17.bxc3 Ke7 18.Kb2 Rhd8 19.Qd4 a5 20.Re1 e5 21.Qd2 d5 22.exd5 Bxd5
23.Bd3 Be6 24.f4 Qc5 25.fxe5 fxe5 26.Rhf1 b4 27.axb4 axb4 28.Qxh6 Qxc3+ 29.Kb1 Rxd3
30.Qf6+ Kd7 31.Re2 Ba2+ 32.Kc1 Qa1+  0-1

[Event "Titled Tue 2nd Dec 2025"]
[Site "chess.com INT"]
[Date "2025.12.02"]
[Round "11"]
[White "Nakamura,Hi"]
[Black "Xiong,Jeffery"]
[Result "1-0"]
[WhiteElo "2813"]
[BlackElo "2649"]

1.Nf3 d5 2.d4 e6 3.e3 Nf6 4.b3 Bd6 5.Bb2 O-O 6.Bd3 b6 7.O-O Bb7 8.Nbd2 Ne4
9.c4 f5 10.cxd5 exd5 11.Rc1 Qe7 12.Ne5 a5 13.Nb1 a4 14.f3 Nc5 15.Bc2 axb3
16.axb3 Nbd7 17.b4 Bxe5 18.dxe5 Na6 19.b5 Nac5 20.f4 Ra2 21.Bd4 Ne6 22.Bb3 Ra5
23.Nc3 Ndc5 24.Nxd5 Bxd5 25.Bxd5 Kh8 26.Bxc5 Nxc5 27.Qe2 Ra3 28.Rfd1 g6 29.h3 Kg7
30.Rd4 Kh6 31.Rcd1 Rd8 32.Qf2 Ra5 33.Bc6 Rxd4 34.exd4 Na4 35.Rd3  1-0

[Event "1st 3-0 Thu 4th Dec 2025"]
[Site "chess.com INT"]
[Date "2025.12.04"]
[Round "1"]
[White "Panda,Sambit"]
[Black "Nakamura,Hi"]
[Result "0-1"]
[WhiteElo "2364"]
[BlackElo "2813"]

1.d4 Nf6 2.c4 e6 3.Nc3 Bb4 4.e3 O-O 5.Bd3 b6 6.Nf3 Bb7 7.O-O Bxc3 8.bxc3 d6
9.a4 Nc6 10.Nd2 Na5 11.Qe2 e5 12.d5 Nd7 13.Ba3 f5 14.e4 f4 15.Bb4 Bc8 16.f3 Nb7
17.a5 g5 18.Nb3 Rf6 19.a6 Nbc5 20.Bxc5 dxc5 21.g4 fxg3 22.hxg3 Nf8 23.Kg2 h5
24.Rh1 h4 25.gxh4 Ng6 26.Qd2 gxh4 27.Qg5 Kf7 28.Rag1 Bxa6 29.Kf2 Qh8 30.Rg4 Rg8
31.Ke1 Bc8 32.Rgg1 Nf4 33.Qxg8+ Qxg8 34.Rxg8 Nxd3+ 35.Ke2 Nf4+ 36.Ke3 Kxg8
37.Rxh4 Ng2+ 38.Kf2 Nxh4  0-1

[Event "1st 3-0 Thu 4th Dec 2025"]
[Site "chess.com INT"]
[Date "2025.12.04"]
[Round "2"]
[White "Nakamura,Hi"]
[Black "Atakhan,Abtin"]
[Result "1-0"]
[WhiteElo "2813"]
[BlackElo "2405"]

1.Nf3 Nf6 2.d4 d5 3.e3 e6 4.Bd3 Bd6 5.b3 b6 6.Bb2 Bb7 7.O-O Nbd7 8.c4 Ne4
9.Nc3 f5 10.cxd5 exd5 11.Nb5 O-O 12.Nxd6 cxd6 13.a4 g5 14.Nd2 Qe7 15.Re1 g4
16.Rc1 a5 17.Rc7 Ba6 18.Bxa6 Rxa6 19.Nxe4 dxe4 20.Qe2 Raa8 21.Qb5 Rad8 22.Rec1 Qe6
23.d5 Qe8 24.Rb7 Nc5 25.Rg7+  1-0

[Event "1st 3-0 Thu 4th Dec 2025"]
[Site "chess.com INT"]
[Date "2025.12.04"]
[Round "3"]
[White "Samunenkov,Ihor"]
[Black "Nakamura,Hi"]
[Result "0-1"]
[WhiteElo "2584"]
[BlackElo "2813"]

1.e4 c5 2.c3 Nf6 3.e5 Nd5 4.Bc4 Nb6 5.Bb3 c4 6.Bc2 Nc6 7.Nf3 Qc7 8.Qe2 g5
9.Nxg5 Qxe5 10.Nf3 Qxe2+ 11.Kxe2 d5 12.d4 cxd3+ 13.Bxd3 e5 14.Bb5 f6 15.Be3 Be6
16.Nbd2 O-O-O 17.Rac1 Kc7 18.Rhe1 a6 19.Bxc6 bxc6 20.b4 Ra8 21.Nb3 Nc4 22.Bc5 Bh6
23.Ra1 a5 24.a4 axb4 25.cxb4 d4 26.Nfd2 Rhb8 27.Kd1 Nb2+ 28.Kc2 Nxa4 29.Be7 Bf5+
30.Kc1 Bg5 31.h4 Bxh4 32.g3 Bg5 33.f4 exf4 34.gxf4 Bxf4 35.Bxf6 Rxb4 36.Be5+ Bxe5
37.Rxe5 Bg6 38.Ra3 Rab8 39.Ra5 Nc3 40.Ra7+ Kd6 41.Rg7 Ne2+ 42.Kd1 Nc3+ 43.Kc1 Nb5
44.Ra6 d3 45.Na5 Nd4 46.Nac4+ Kc5 47.Ra5+ R8b5  0-1

[Event "1st 3-0 Thu 4th Dec 2025"]
[Site "chess.com INT"]
[Date "2025.12.04"]
[Round "4"]
[White "Nakamura,Hi"]
[Black "Mahdavi,Reza"]
[Result "1-0"]
[WhiteElo "2813"]
[BlackElo "2492"]

1.Nf3 Nf6 2.d4 c5 3.e3 d5 4.b3 cxd4 5.Nxd4 e5 6.Nf3 Nc6 7.Bb2 Bd6 8.Nbd2 e4
9.Nd4 Ne5 10.Bb5+ Bd7 11.Be2 O-O 12.O-O Rc8 13.c4 Re8 14.cxd5 Neg4 15.g3 h5
16.Bb5 Nxd5 17.Nc4 Bxb5 18.Nxb5 Bc5 19.Nbd6 Bxd6 20.Qxd5 Bxg3 21.Qxh5 Bxh2+
22.Kh1 Qd7 23.Rad1 Qe6 24.Rd5 f6 25.Rf5 Rxc4 26.bxc4 Qxc4 27.Qxe8+  1-0

[Event "1st 3-0 Thu 4th Dec 2025"]
[Site "chess.com INT"]
[Date "2025.12.04"]
[Round "5"]
[White "Giri,A"]
[Black "Nakamura,Hi"]
[Result "1-0"]
[WhiteElo "2769"]
[BlackElo "2813"]

1.e4 e5 2.Nf3 Nc6 3.Bb5 Nf6 4.O-O Nxe4 5.Re1 Nd6 6.Nxe5 Be7 7.Bf1 Nxe5 8.Rxe5 O-O
9.Nc3 Ne8 10.Nd5 Bd6 11.Re1 c6 12.Ne3 Be7 13.c4 Nc7 14.d4 d5 15.cxd5 cxd5
16.Qb3 b6 17.Bd2 Bb7 18.Rac1 Ne6 19.Nf5 Bg5 20.Bxg5 Qxg5 21.Nd6 Qe7 22.Nxb7 Qxb7
23.Qe3 Rac8 24.g3 Rxc1 25.Rxc1 Rc8 26.Rxc8+ Qxc8 27.Bh3 g6 28.Bxe6 fxe6 29.Kg2 Kf7
30.Qf4+ Kg8 31.Qf6 Qd7 32.h4 Qf7 33.Qe5 h5 34.a4 Kh7 35.b4 Qd7 36.a5 bxa5
37.bxa5 Qg7 38.Qxg7+ Kxg7 39.Kf3 Kf6 40.Kf4 a6 41.f3 e5+ 42.dxe5+ Ke6 43.g4  1-0

[Event "1st 3-0 Thu 4th Dec 2025"]
[Site "chess.com INT"]
[Date "2025.12.04"]
[Round "6"]
[White "Nakamura,Hi"]
[Black "Mendonca,Leon Luke"]
[Result "1-0"]
[WhiteElo "2813"]
[BlackElo "2620"]

1.Nf3 Nf6 2.d4 d5 3.e3 e6 4.b3 b6 5.Bb2 Bb7 6.Bd3 Nbd7 7.Nbd2 c5 8.c4 Be7
9.O-O O-O 10.Qe2 Rc8 11.Rac1 Rc7 12.Ne5 dxc4 13.Ndxc4 Qa8 14.f3 cxd4 15.Nxd7 Rxd7
16.Ne5 Rdd8 17.Bxd4 Nd5 18.Bb1 Bf6 19.Rfd1 g6 20.Ng4 Bxd4 21.Rxd4 Qb8 22.Qb2 h5
23.Rxd5 hxg4 24.Rg5 Rd5 25.Rxg4 Qe5 26.Qxe5 Rxe5 27.Rc7 Ba8 28.Kf2 a5 29.Rd4 Rd5
30.Rxd5 Bxd5 31.e4 Ba8 32.Bd3 Rd8 33.Ke3 Kf8 34.h4 Kg7 35.Bc4 Kf6 36.g4 Rh8
37.g5+  1-0

[Event "1st 3-0 Thu 4th Dec 2025"]
[Site "chess.com INT"]
[Date "2025.12.04"]
[Round "7"]
[White "Tabatabaei,M"]
[Black "Nakamura,Hi"]
[Result "1-0"]
[WhiteElo "2681"]
[BlackElo "2813"]

1.e4 e5 2.Nf3 Nc6 3.Bc4 Nf6 4.d3 Bc5 5.Nc3 h6 6.O-O d6 7.Na4 Bb6 8.a3 O-O
9.h3 Ne7 10.Re1 Ng6 11.d4 Re8 12.Nxb6 axb6 13.Bd3 Nh5 14.c3 Nhf4 15.Bf1 Qf6
16.Kh2 Bd7 17.Be3 Rad8 18.g3 Ne6 19.Bg2 c5 20.a4 b5 21.axb5 Bxb5 22.d5 Nef8
23.Ra7 Ba6 24.b4 cxb4 25.cxb4 Ra8 26.Rxa8 Rxa8 27.Qa4 b5 28.Qa5 Qd8 29.Qxd8 Rxd8
30.Ra1 Bc8 31.Bf1 Bd7 32.Ra5 Rb8 33.Nd2 Nh7 34.h4 f5 35.exf5 Ne7 36.Ra7 Nf6
37.Ne4 Nxe4 38.Rxd7 Nxf5 39.Ba7 Rf8 40.Bd3 Nc3 41.Bxf5 Rxf5 42.Rxd6 e4 43.Rd8+ Kf7
44.d6 Rd5 45.Rc8 Na4 46.Rc7+ Ke6 47.Rxg7 Rxd6 48.g4 Kd5 49.Be3 Nc3 50.h5 Nd1
51.Rg6 Nxe3 52.Rxd6+ Kxd6 53.fxe3 Ke6 54.Kg3 Ke5  1-0

[Event "1st 3-0 Thu 4th Dec 2025"]
[Site "chess.com INT"]
[Date "2025.12.04"]
[Round "8"]
[White "Nakamura,Hi"]
[Black "Pranav,V"]
[Result "1-0"]
[WhiteElo "2813"]
[BlackElo "2641"]

1.Nf3 Nf6 2.d4 d5 3.e3 e6 4.b3 Nbd7 5.Bb2 b6 6.Bd3 Bb7 7.Nbd2 Bd6 8.O-O O-O
9.c4 c5 10.Rc1 Rc8 11.Qe2 Ne4 12.Rfd1 f5 13.cxd5 exd5 14.Ba6 Qc7 15.dxc5 bxc5
16.Bxb7 Qxb7 17.Ba3 Ndf6 18.Bb2 Ng4 19.Rf1 Qb8 20.g3 Rce8 21.Rce1 c4 22.Nxe4 fxe4
23.Nh4 Qc8 24.bxc4 Be5 25.Ba3 Rf6 26.cxd5 Rh6 27.Rc1 Qd7 28.f4 exf3 29.Rxf3 Rxh4
30.gxh4 Nxh2 31.Rf2 Qh3 32.d6 Ng4 33.d7 Rd8 34.Rc8 Bf6 35.Qc4+  1-0

[Event "1st 3-0 Thu 4th Dec 2025"]
[Site "chess.com INT"]
[Date "2025.12.04"]
[Round "9"]
[White "Xiong,Jeffery"]
[Black "Nakamura,Hi"]
[Result "0-1"]
[WhiteElo "2649"]
[BlackElo "2813"]

1.e4 c5 2.Nf3 e6 3.c3 Nf6 4.e5 Nd5 5.d4 cxd4 6.cxd4 b6 7.Bd3 Ba6 8.Bxa6 Nxa6
9.O-O Be7 10.Nbd2 f5 11.exf6 Nxf6 12.Re1 O-O 13.Nc4 Rc8 14.Nce5 Nb4 15.Re2 Nfd5
16.a3 Nc6 17.Qa4 Qc7 18.Bd2 Qb7 19.Qb3 Bf6 20.Nxc6 Rxc6 21.h4 Qa6 22.Rae1 Qc4
23.Qxc4 Rxc4 24.Be3 Rfc8 25.Rd2 Rc2 26.Ree2 Rxd2 27.Rxd2 h5 28.Kf1 Kf7 29.Ke2 Kg6
30.Kd3 Kf5 31.g3 b5 32.Re2 b4 33.Bd2 bxa3 34.bxa3 Rb8 35.Kc2 Rc8+ 36.Kd3 Rc6
37.Ne5 Ra6 38.Nc4 Kg6 39.f3 Kf7 40.Re1 Be7 41.Rb1 Nb6 42.Ne5+ Ke8 43.Bb4 Bxb4
44.axb4 Ra3+ 45.Ke2 Nd5 46.Rc1 Kd8 47.Nf7+ Ke7 48.Ne5 d6 49.Nc6+ Kd7 50.Nb8+ Kd8
51.Nc6+ Ke8 52.g4 g6 53.gxh5 gxh5 54.Rg1 a6 55.Rg7 Rc3 56.Rg8+ Kf7 57.Rc8 Kf6
58.Kd2 Rc4 59.Kd3 Rxc6  0-1

[Event "1st 3-0 Thu 4th Dec 2025"]
[Site "chess.com INT"]
[Date "2025.12.04"]
[Round "10"]
[White "Nakamura,Hi"]
[Black "Lazavik,Denis"]
[Result "0-1"]
[WhiteElo "2813"]
[BlackElo "2605"]

1.Nf3 d5 2.e3 Nf6 3.c4 e6 4.b3 c5 5.Bb2 Nc6 6.g3 d4 7.exd4 cxd4 8.Bg2 e5
9.O-O Bd6 10.Ba3 O-O 11.Bxd6 Qxd6 12.d3 Bf5 13.a3 a5 14.Ne1 e4 15.Nd2 e3
16.fxe3 dxe3 17.Ndf3 Rad8 18.d4 Rfe8 19.Ra2 Ne4 20.Qa1 Bg4 21.d5 Qc5 22.Kh1 Nf2+
23.Kg1 Ne4 24.Nd3 Qb6 25.Kh1 Qxb3 26.Nf4 Bxf3 27.Bxf3 Nf2+ 28.Kg2 Ne5 29.Be2 Nxc4
30.Rb1 Qa4 31.Nh5 Ne5 32.Bf3 Qd7 33.Nf4 Nxf3 34.Kxf3 Qf5 35.Rb6 g5 36.Rf6 Qe4+
37.Ke2 gxf4 38.Rxf4 Qd3+ 39.Kf3 e2+ 40.Kg2 e1=Q 41.Rg4+ Nxg4  0-1

[Event "1st 3-0 Thu 4th Dec 2025"]
[Site "chess.com INT"]
[Date "2025.12.04"]
[Round "11"]
[White "Dau Khuong Duy"]
[Black "Nakamura,Hi"]
[Result "1-0"]
[WhiteElo "2489"]
[BlackElo "2813"]

1.e4 c5 2.Nf3 e6 3.c3 Nf6 4.Bd3 d5 5.e5 Nfd7 6.Bc2 c4 7.O-O Nc6 8.Re1 g5
9.d4 cxd3 10.Ba4 h6 11.Qxd3 Nc5 12.Bxc6+ bxc6 13.Qc2 Ba6 14.Rd1 Nd7 15.h3 Bg7
16.Re1 Qc7 17.Qa4 Bd3 18.Qd4 Be4 19.Nbd2 Nxe5 20.Nxe5 Bxe5 21.Qe3 Bh2+ 22.Kh1 Bf4
23.Qe2 Bxd2 24.Bxd2 O-O 25.Qh5 Kg7 26.Bxg5 Rh8 27.Bh4 Rag8 28.Bg3 Qe7 29.Rxe4 dxe4
30.Qe5+ Kh7 31.Qxe4+ Rg6 32.Qxc6 Rd8 33.b4 f5 34.Re1 h5 35.Qf3 h4 36.Qh5+ Rh6
37.Qxf5+ exf5 38.Rxe7+ Kg6 39.Be5 Rd1+ 40.Kh2 Rh7 41.Re6+ Kf7 42.Rf6+ Ke7
43.Rxf5 Ke6 44.Rg5 Rd2 45.Bd4 Rxa2 46.g3 hxg3+ 47.Kxg3 Ra1 48.Re5+ Kd6 49.Re3 Rh1
50.Kg4 Kd5 51.Rg3 Re1 52.f4 Re8 53.f5 Re4+ 54.Kg5 Re8 55.f6 Rg8+ 56.Kf4 Rh4+
57.Rg4 Rhxg4+ 58.hxg4 Ke6 59.g5 a6 60.c4 Rb8 61.Bc3 Rc8 62.c5 a5 63.g6 axb4
64.Bd4 b3 65.f7 Rd8 66.Bg7 Rb8 67.Bb2 Ke7 68.Kg5 Rc8 69.Kh6 Ke6 70.Kg7 Ke7
71.c6 Ra8 72.f8=Q+ Rxf8 73.Ba3+ Ke8 74.c7 Kd7 75.Kxf8 Kxc7 76.g7 b2 77.Bxb2 Kc6
78.g8=Q Kc5 79.Qf7 Kb4 80.Qe7+ Kc4 81.Bf6 Kd5 82.Kf7 Kc4 83.Qe6+ Kd3 84.Ke7 Kc2
85.Kd6 Kd3 86.Qe5 Kd2 87.Kd5 Kd3 88.Qd4+ Ke2 89.Kc4 Kf3 90.Qd3+ Kg4 91.Bd4 Kf4
92.Qe3+ Kg4 93.Qe5 Kh4 94.Kd3 Kh3 95.Qe4 Kh2 96.Ke3  1-0

[Event "Titled Tue 9th Dec 2025"]
[Site "chess.com INT"]
[Date "2025.12.09"]
[Round "1"]
[White "Wen Gehua"]
[Black "Nakamura,Hi"]
[Result "0-1"]
[WhiteElo "2197"]
[BlackElo "2810"]

1.d4 e6 2.c4 d5 3.Nc3 c6 4.e4 Bb4 5.cxd5 exd5 6.e5 Ne7 7.Nf3 O-O 8.Bd3 Bf5
9.a3 Bxc3+ 10.bxc3 Qd7 11.O-O Na6 12.a4 Rfe8 13.Ba3 Bxd3 14.Qxd3 Ng6 15.g3 Nc7
16.Nd2 f5 17.exf6 gxf6 18.Rae1 Rxe1 19.Rxe1 Re8 20.Rxe8+ Nxe8 21.Qe2 Ng7
22.Nb3 b6 23.a5 h5 24.h4 Kf7 25.axb6 axb6 26.Qa6 Qg4 27.Nd2 Nxh4 28.Qb7+ Kg6
29.Qxc6 Qd1+ 30.Nf1 Nf3+ 31.Kg2 Ne1+ 32.Kg1 h4 33.Qxd5 Nf3+ 34.Kg2 h3+ 35.Kxh3 Qxf1+
36.Kg4 Nh2+ 37.Kf4 Qxf2+  0-1

[Event "Titled Tue 9th Dec 2025"]
[Site "chess.com INT"]
[Date "2025.12.09"]
[Round "2"]
[White "Nakamura,Hi"]
[Black "Pakleza,Z"]
[Result "1-0"]
[WhiteElo "2810"]
[BlackElo "2502"]

1.e4 d6 2.d4 Nf6 3.Nc3 c6 4.g3 b5 5.Bg2 e5 6.Nge2 Nbd7 7.O-O Be7 8.a3 O-O
9.h3 Re8 10.g4 h6 11.f4 Bb7 12.g5 hxg5 13.fxg5 Nh5 14.Bf3 exd4 15.Bxh5 g6
16.Nxd4 gxh5 17.Qxh5 Ne5 18.Rxf7 Nxf7 19.g6  1-0

[Event "Titled Tue 9th Dec 2025"]
[Site "chess.com INT"]
[Date "2025.12.09"]
[Round "3"]
[White "Klukin,Kirill"]
[Black "Nakamura,Hi"]
[Result "0-1"]
[WhiteElo "2414"]
[BlackElo "2810"]

1.d4 Nf6 2.c4 e6 3.Nc3 Bb4 4.e3 O-O 5.Bd3 d5 6.a3 Bxc3+ 7.bxc3 dxc4 8.Bxc4 c5
9.Ne2 b6 10.Qd3 Qc7 11.e4 cxd4 12.cxd4 Nxe4 13.Bf4 Qb7 14.O-O Rd8 15.f3 Nd6
16.Ba2 Qd7 17.Rfd1 Ba6 18.Qd2 Nf5 19.Bg5 Re8 20.Nc3 Nc6 21.d5 exd5 22.Nxd5 Ncd4
23.Kh1 Re2 24.Qf4 Rxa2 25.Ne7+ Nxe7 26.Rxa2 Nec6 27.Rad2 Re8 28.h3 h6 29.Bh4 Qe6
30.Rxd4 Nxd4 31.Qxd4 Bb7 32.Kh2 Qg6 33.Rd2 Bc6 34.Bg3 Qe6 35.Qd6 Qxd6 36.Rxd6 Ba4
37.Rd4 Bb5 38.Rd5 Bc6 39.Rd6 Rc8 40.Bh4 f6 41.Bf2 Kf7 42.Rd2 Be8 43.Bd4 Rc4
44.Kg3 Bc6 45.Kf2 Ba4 46.Bb2 Rc7 47.Ke3 Ke6 48.Kf2 h5 49.Ke3 h4 50.Bd4 Rc1
51.Kf2 g5 52.Bb2 Rb1 53.Re2+ Kf7 54.Rd2 Bb5 55.Ke3 Re1+ 56.Kf2 Rf1+ 57.Ke3 Rb1
58.Kf2 a5 59.Ke3 Bc4 60.Kf2 b5 61.Ke3 b4 62.axb4 axb4 63.Kd4 Be6 64.Kc5 b3
65.Kb4 Re1 66.Bc3 Re3 67.Bb2 Re1 68.Ka3 Bc4 69.Rd6 Re2 70.Rxf6+ Ke7 71.Rf5 Rxg2
72.Re5+ Kd6 73.Re4 Bd5 74.Rd4 Ke6 75.f4 Rg3 76.fxg5 Rxh3 77.g6 Rg3 78.g7 Rxg7
79.Rxh4 Ra7+ 80.Kb4 Rb7+ 81.Kc3 Rc7+ 82.Kb4 Rc2 83.Ka3 Rc8 84.Rh6+ Kf5 85.Rh4 Ra8+
86.Ra4 Rb8 87.Ra5 Ke4 88.Ra4+ Kd3 89.Ra5 Bc4 90.Ra4 Rc8 91.Ra5 Kc2 92.Kb4 Bd3
93.Ka3 Bc4 94.Ra4 Rb8 95.Ra5 Kd3 96.Rc5 Rb7 97.Ra5 Rb5 98.Ra4 Rb6 99.Rb4 Ra6+
100.Ra4 Rxa4+ 101.Kxa4 Kc2 102.Kb4 Bd3 103.Ka3 Be4 104.Ka4 Bf5 105.Ka5 Bg6
106.Ka6 Bf7 107.Kb6 Bg8 108.Ka7 Bh7 109.Kb8 Bg6 110.Ka7 Bh5 111.Kb6 Bg4 112.Ka5 Bh3
113.Kb6 Bg2  0-1

[Event "Titled Tue 9th Dec 2025"]
[Site "chess.com INT"]
[Date "2025.12.09"]
[Round "4"]
[White "Nakamura,Hi"]
[Black "Narayanan,SL"]
[Result "1-0"]
[WhiteElo "2810"]
[BlackElo "2616"]

1.Nf3 Nf6 2.d4 d5 3.e3 e6 4.Bd3 Bd6 5.O-O O-O 6.c4 b6 7.b3 Bb7 8.Bb2 Nbd7
9.Nbd2 Qe7 10.a3 e5 11.Bf5 exd4 12.exd4 Rfe8 13.Re1 Qd8 14.Ne5 Nf8 15.Ndf3 N6d7
16.Qc2 dxc4 17.Nxf7 Qf6 18.Nxd6 cxd6 19.Qxc4+ Kh8 20.Qd3 h6 21.Rac1 Qf7 22.Nh4 Rxe1+
23.Rxe1 Re8 24.Rxe8 Qxe8 25.Qd1 Nf6 26.d5 Bxd5 27.h3 Qf7 28.Bxf6 gxf6 29.b4 b5
30.Qd2 Kg7 31.Bd3 Be6 32.Qe3 a6 33.Qg3+ Kh8 34.Qxd6 Kg7 35.Qxa6 Qh5 36.Nf3 Bd7
37.Qd6 Qe8 38.Kh2 Ne6 39.Bf5 Nf8 40.Bxd7 Nxd7 41.Nd4 Ne5 42.Qd5 Qb8 43.f4 Nc4
44.Ne6+ Kh8 45.Qd7 Qg8 46.Qe7 Ne3 47.Qxf6+ Kh7 48.Nf8+  1-0